Sports Quiz

Random Sports or Soccer Quiz

Italy XI's of the 70's Quiz Stats

 Plays Quiz not verified by Sporcle

Score 0/110 Timer 13:00
1 Play Today
% Correct
Dino Zoff
99.4%
Dino Zoff
99.4%
Dino Zoff
99.4%
Dino Zoff
99.4%
Dino Zoff
99.4%
Dino Zoff
99.4%
Dino Zoff
99.4%
Dino Zoff
99.4%
Dino Zoff
99.4%
Paolo Rossi
95%
Paolo Rossi
95%
Luigi Riva
93.4%
Luigi Riva
93.4%
Luigi Riva
93.4%
Luigi Riva
93.4%
Gianni Rivera
90.9%
Gianni Rivera
90.9%
Gaetano Scirea
89%
Gaetano Scirea
89%
Claudio Gentile
86.6%
Claudio Gentile
86.6%
Claudio Gentile
86.6%
Claudio Gentile
86.6%
Marco Tardelli
86%
Marco Tardelli
86%
Marco Tardelli
86%
Marco Tardelli
86%
Giacinto Facchetti
85.4%
Giacinto Facchetti
85.4%
Giacinto Facchetti
85.4%
Giacinto Facchetti
85.4%
Giacinto Facchetti
85.4%
Giacinto Facchetti
85.4%
Giacinto Facchetti
85.4%
Sandro Mazzola
84.7%
Sandro Mazzola
84.7%
Sandro Mazzola
84.7%
% Correct
Sandro Mazzola
84.7%
Sandro Mazzola
84.7%
Roberto Bettega
84.1%
Roberto Bettega
84.1%
Roberto Bettega
84.1%
Antonio Cabrini
82.9%
Antonio Cabrini
82.9%
Franco Causio
76.1%
Franco Causio
76.1%
Franco Causio
76.1%
Franco Causio
76.1%
Franco Causio
76.1%
Francesco Graziani
74.2%
Francesco Graziani
74.2%
Francesco Graziani
74.2%
Tarcisio Burgnich
74.1%
Tarcisio Burgnich
74.1%
Tarcisio Burgnich
74.1%
Tarcisio Burgnich
74.1%
Tarcisio Burgnich
74.1%
Roberto Boninsegna
72.2%
Roberto Boninsegna
72.2%
Roberto Boninsegna
72.2%
Enrico Albertosi
70.4%
Fabio Capello
70.3%
Fabio Capello
70.3%
Fabio Capello
70.3%
Fabio Capello
70.3%
Fabio Capello
70.3%
Giancarlo Antognoni
66.4%
Giancarlo Antognoni
66.4%
Giancarlo Antognoni
66.4%
Giancarlo Antognoni
66.4%
Giancarlo Antognoni
66.4%
Fulvio Collovati
64.8%
Gabriele Oriali
64%
Angelo Domenghini
60.1%
% Correct
Romeo Benetti
54.2%
Romeo Benetti
54.2%
Romeo Benetti
54.2%
Romeo Benetti
54.2%
Romeo Benetti
54.2%
Romeo Benetti
54.2%
Giorgio Chinaglia
48.6%
Giorgio Chinaglia
48.6%
Giancarlo De Sisti
48.1%
Giancarlo De Sisti
48.1%
Pietro Anastasi
46.9%
Roberto Rosato
44%
Roberto Rosato
44%
Roberto Rosato
44%
Pierino Prati
36.6%
Paolino Pulici
33.5%
Paolino Pulici
33.5%
Pierluigi Cera
31.4%
Pierluigi Cera
31.4%
Pierluigi Cera
31.4%
Mario Bertini
25.8%
Mario Bertini
25.8%
Renato Zaccarelli
23.4%
Mauro Bellugi
20.8%
Mauro Bellugi
20.8%
Mauro Bellugi
20.8%
Francesco Morini
16%
Francesco Morini
16%
Luciano Spinosi
13.8%
Luciano Spinosi
13.8%
Luciano Spinosi
13.8%
Giuseppe Savoldi
8.8%
Francesco Rocca
5.3%
Francesco Rocca
5.3%
Roberto Mozzini
3.6%
Aldo Agroppi
2.5%

You're not logged in!

Compare scores with friends on all Sporcle quizzes.
OR
Log In

Show Comments

Extras

Top Quizzes Today


Score Distribution

Your Account Isn't Verified!

In order to create a playlist on Sporcle, you need to verify the email address you used during registration. Go to your Sporcle Settings to finish the process.

Report this User

Report this user for behavior that violates our Community Guidelines.

Details: